| 000 | 00000nam 2200000za 4500 |
| 001 | 9.800077 |
| 003 | CaOODSP |
| 005 | 20250403105635 |
| 007 | cr ||||||||||| |
| 008 | 150421s2015||||xxc|||||s f|0| 0 fre d |
| 020 | |a9780660019697 |
| 022 | |a1927-5048 |
| 040 | |aCaOODSP|bfre |
| 043 | |an-cn--- |
| 086 | 1 |aCS11-626/2015-46F-PDF |
| 245 | 00|aComment va la vie en ville? |h[ressource électronique] : |bla satisfaction à l'égard de la vie dans les différentes régions métropolitaines de recensement et régions économiques du Canada / |cpar Chaohui Lu, Grant Schellenberg, Feng Hou et John F. Helliwell. |
| 260 | |a[Ottawa] : |bStatistique Canada, |c2015. |
| 300 | |a14 p. : |bgraphiques, tableaux. |
| 490 | 1 |aAperçus économiques ;|x1927-5048|vN° 046 |
| 500 | |aÉgalement disponible en anglais sous le titre : How's life in the city?: life satisfaction across census metropolitain areas and economic regions in Canada. |
| 504 | |aComprend des réf. bibliogr. |
| 518 | |aDate de diffusion : le 20 avril 2015. |
| 700 | 1 |aLu, Chaohui. |
| 700 | 1 |aHelliwell, John F.,|d1937- |
| 700 | 1 |aSchellenberg, Grant, |d1962- |
| 700 | 1 |aHou, Feng, |d1964- |
| 710 | 2 |aStatistique Canada. |
| 775 | 08|tHow's life in the city? |w(CaOODSP)9.800076 |
| 830 | #0|aAperçus économiques (Statistique Canada)|x1927-5048|vN° 046|w(CaOODSP)9.503158 |
| 856 | 40|qPDF|s694 Ko|uhttps://publications.gc.ca/collections/collection_2015/statcan/11-626-x/11-626-x2015046-fra.pdf |